LIBRARY & INFORMATION CENTRE, KCAET, TAVANUR

ONLINE PUBLIC ACCESS CATALOGUE (OPAC)

Power Tiller Research & Industry (Record no. 19433)

MARC details
000 -LEADER
fixed length control field 00392nam a22001457a 4500
003 - CONTROL NUMBER IDENTIFIER
control field OSt
008 - FIXED-LENGTH DATA ELEMENTS--GENERAL INFORMATION
fixed length control field 250221b |||||||| |||| 00| 0 eng d
041 ## - LANGUAGE CODE
Language code of text/sound track or separate title eng
100 ## - MAIN ENTRY--AUTHOR NAME
Personal name Varshney, AC
245 ## - TITLE STATEMENT
Title Power Tiller Research & Industry
260 ## - PUBLICATION, DISTRIBUTION, ETC. (IMPRINT)
Place of publication Bhopal:
Name of publisher Central Institute of Agricultural Engineering,
Year of publication 1986.
700 ## - ADDED ENTRY--PERSONAL NAME
Personal name Suresh Narang
700 ## - ADDED ENTRY--PERSONAL NAME
Personal name Alam, A
942 ## - ADDED ENTRY ELEMENTS (KOHA)
Koha item type Books
Holdings
Withdrawn status Lost status Damaged status Home library Current library Date acquired Cost, normal purchase price Accession Number Koha item type Public note
Withdrawn     KAUAET KAUAET 21/02/2025 150.00 20489 Books Withdrawn as per order no A3-1008/2003 dated 25/04/2003
free website counter